Uphondo Lwemikhosi (Record no. 631523)
[ view plain ]
| 000 -LEADER | |
|---|---|
| fixed length control field | 00636nam a22002297a 4500 |
| 003 - CONTROL NUMBER IDENTIFIER | |
| control field | 3228 |
| 005 - DATE AND TIME OF LATEST TRANSACTION | |
| control field | 20220331111112.0 |
| 008 - FIXED-LENGTH DATA ELEMENTS--GENERAL INFORMATION | |
| fixed length control field | eng |
| 020 ## - INTERNATIONAL STANDARD BOOK NUMBER | |
| International Standard Book Number | 9781868730698 |
| Qualifying information | Paperback |
| 040 ## - CATALOGING SOURCE | |
| Language of cataloging | English |
| Transcribing agency | RDA |
| Modifying agency | 3228 |
| Description conventions | Resource Description and Access |
| 041 ## - LANGUAGE CODE | |
| Language code of text/sound track or separate title | Isizulu |
| 082 ## - DEWEY DECIMAL CLASSIFICATION NUMBER | |
| Classification number | 896.39861008 THWA |
| 100 ## - MAIN ENTRY--PERSONAL NAME | |
| Personal name | Thwala, J.J. |
| Relator term | Author |
| 245 ## - TITLE STATEMENT | |
| Title | Uphondo Lwemikhosi |
| Statement of responsibility, etc. | J.J. Thwala |
| 250 ## - EDITION STATEMENT | |
| Edition statement | First edition |
| 260 ## - PUBLICATION, DISTRIBUTION, ETC. | |
| Place of publication, distribution, etc. | Arcadia |
| Name of publisher, distributor, etc. | Eulitz |
| Date of publication, distribution, etc. | © 2006 |
| 300 ## - PHYSICAL DESCRIPTION | |
| Extent | 84 pages |
| Dimensions | 21 cm |
| 500 ## - GENERAL NOTE | |
| General note | This is a Zulu poerty book |
| 521 ## - TARGET AUDIENCE NOTE | |
| Target audience note | Adults |
| 720 ## - ADDED ENTRY--UNCONTROLLED NAME | |
| Name | Mhlanga, E.J. |
| Relator term | Author |
| 942 ## - ADDED ENTRY ELEMENTS | |
| Source of classification or shelving scheme | Dewey Decimal Classification |
| item type | Books |
| Edition | First edition |
| Classification part | 896.39861008 THWA |
| Withdrawn status | Lost status | Source of classification or shelving scheme | Damaged status | Not for loan | Collection code | Home library | Current library | Shelving location | Date acquired | Total Checkouts | Full call number | Barcode | Date last seen | Price effective from | item type |
|---|---|---|---|---|---|---|---|---|---|---|---|---|---|---|---|
| Dewey Decimal Classification | 800: Literature | Middelburg Regional Library | Middelburg Regional Library | General Stacks | 31.03.2022 | 896.39861008 THWA | 33228031036710 | 31.03.2022 | 31.03.2022 | Books |